| 000 | 00841nam a2200265 a 4500 | ||
|---|---|---|---|
| 001 | 000020875 | ||
| 003 | DO-SdBNP | ||
| 005 | 20260304085435.0 | ||
| 007 | ta | ||
| 008 | 100820s1990 sp ac 001 0 spa d | ||
| 040 |
_aDO-SdBNP _bspa _cBNPHU _erda |
||
| 082 | 4 |
_a923.2 _bS171J _222 |
|
| 100 | 1 |
_aSalmador, Víctor _eautor _943660 |
|
| 245 | 1 | 0 |
_aJosé Francisco Peña Gómez / _cVíctor Salmador. |
| 264 |
_aMadrid : _bGráficas, _c1990. |
||
| 300 |
_a237 páginas : _bilustraciones, retratos ; _c24 cm. |
||
| 336 |
_2rdacontent _atexto _btxt |
||
| 337 |
_2rdamedia _asin mediación _bn |
||
| 338 |
_2rdacarrier _avolumen _bnc |
||
| 590 | _aInventariado, 2020/ YL | ||
| 600 | 1 | 0 |
_aPeña Gomez, Jose Francisco , _d1937-1998 _92994 |
| 650 | 4 |
_aPolíticos _zRepública Dominicana _xBiografías _93019 |
|
| 910 | _aBtavárez | ||
| 942 |
_2ddc _cLBS1 |
||
| 999 |
_c20378 _d20378 |
||